[Event "Calchess State Scholastics"]
[Site "Santa Clara"]
[Date "2004.03.20"]
[Round "2"]
[White "Hill, Alastair"]
[Black "Tien, Benjamin"]
[Result "0-1"]
[WhiteElo "217"]
[BlackElo "1183"]
[PlyCount "24"]
[EventDate "2004.03.20"]
[EventType "team"]
[EventRounds "6"]
[EventCountry "USA"]
[SourceTitle "EXT 2007"]
[Source "ChessBase"]
[SourceDate "2006.11.23"]
[SourceVersion "1"]
[SourceVersionDate "2006.11.23"]
[SourceQuality "1"]

1. e4 e5 2. Bd3 Nf6 3. Nf3 Nc6 4. 0-0 Bc5 5. b3 d6 6. Bb2 Bg4 7. Qe2 Nd4 8. Qd1 Nxf3+ 9. gxf3 Bh3 10. Re1 Nh5 11. Nc3 Qg5+ 12. Kh1 Qg2# 0-1